Quizzes
Events
Quiz Creation
Community
Videos
Private Events
Remove Ads
Sign In
Join for FREE
Feedback
Dark Mode
Quiz Categories
Sports
Geography
Music
Movies
Television
Just For Fun
Miscellaneous
History
Literature
Language
Science
Gaming
Entertainment
Religion
Holiday
For Kids
Quiz Lab
Recent
Popular Today
Quiz Kudos Today
Editor Picks
Curator Picks
Quizzes by...
Day
Popularity
Type
Ratings
Length
Year
Community
Subscriptions
Recent Discussions
Orange Saloon
Badges
Playlists
Quests
Create
Leaderboards
Showdown
Live 5
Trivia Bingo
Activity
Puzzle Library
Sporcle Events
Private Events
Virtual Trivia
Globe League
Become a Host
Pub Owners
SporcleCon
Opinionation
Our Games
Videos
Blog
Mobile Apps
Partnerships
Remove Ads and Go Orange
Feedback
Language
Vocabulary
Begins and Ends
Definition
Spanish
French
German
Italian
Chinese
Latin
Translation
Japanese
Language
Vocabulary
Begins and Ends
Definition
Spanish
French
German
Italian
Chinese
Latin
Translation
Japanese
Random Quiz
Search Sporcle
×
Quiz Lab
Quiz Lab
Language
Latin
Type in answers that appear in a list
Type in answers that appear in a list
Classic
Best Score? Go Orange.
All Latin Endings, Vocative, 1-5 Stats
Can you name the All Latin Endings, Vocative, 1-5?
By
GoddessofSecrets
15m
98 Questions
6 Plays
6 Plays
6 Plays
Comments
Comments
Give Quiz Kudos
Give Quiz Kudos
-
- Ratings
hide this ad
Replay
Link that replays current quiz
Next Quiz
Link to next quiz in quiz playlist
You Got
0%
They Got
Avg Score
36%
Avg Friend Score
Upgrade to see
Score Distribution
Jump to the score distribution portion of the page
Score
0/98
Timer
15:00
0
Plays Today
% Correct
ae
83.3%
ae
83.3%
ae
83.3%
ae
83.3%
as
66.7%
is
50%
is
50%
33.3%
a
33.3%
am
33.3%
a
33.3%
a
33.3%
33.3%
arum
33.3%
33.3%
33.3%
33.3%
33.3%
33.3%
33.3%
33.3%
33.3%
33.3%
33.3%
33.3%
33.3%
33.3%
33.3%
33.3%
33.3%
33.3%
33.3%
33.3%
% Correct
33.3%
33.3%
33.3%
33.3%
33.3%
33.3%
33.3%
33.3%
33.3%
33.3%
33.3%
33.3%
33.3%
33.3%
33.3%
33.3%
33.3%
33.3%
33.3%
33.3%
33.3%
33.3%
33.3%
33.3%
33.3%
33.3%
33.3%
33.3%
33.3%
33.3%
33.3%
33.3%
33.3%
% Correct
33.3%
33.3%
33.3%
33.3%
33.3%
33.3%
33.3%
33.3%
33.3%
33.3%
33.3%
33.3%
33.3%
33.3%
33.3%
33.3%
33.3%
33.3%
33.3%
33.3%
33.3%
33.3%
33.3%
33.3%
33.3%
33.3%
33.3%
33.3%
33.3%
33.3%
33.3%
33.3%
Quiz Playlist
Details
Report
Send in Message
Add To Playlist
Classic:
Type in answers that appear in a list
Last Updated: Feb 16, 2017
Quiz Scoreboard
CHALLENGE
Sign Up to Join the Scoreboard
Show All
Scores
Hide
Comments
May contain spoilers
Recently Published
NBA Finals Game Top Scorers (2010s)
by flibbidy
Sports
5m
Guess the 'R' Things in 3 Words
by MSUKent
Miscellaneous
3m
Actor to Badly Drawn Movie III
by MoMosMoProblems
Movies
5m
More to Explore
Quiz From the Vault
Featured Blog Post
Where Does Lost Luggage Go?
hide this ad
You Might Also Like...
Tags
Latin Quiz
1-5
Ending
Today's Top Quizzes in Language
Browse Language
hide this ad
Today's Top Quizzes in Latin
Browse Latin
Top Contributed Quizzes in Language
1
Einsilbige Reime auf Chips
2
Linguistic Evolution! (V)
3
Trivia Jigsaw: Language
4
Guess the Word in 3 Words
5
Here... Let me make up a word for that
6
One-Minute Crossword CCLVI
7
AP Lang. Literary Terms
8
1960s Slang
9
One-Minute Crossword CCLV
10
Hiragana Speed Reading
Explore More
Trending Topics
Crossword
Anime
Marvel
Kpop
NBA
Harry Potter
Disney
Soccer
Song
Country
Pokémon
The Office
NFL
Puzzle
WWE
hide this ad
More By:
GoddessofSecrets
Quiz
Plays
Rating
Category
Featured
Created
All Latin Endings, Vocative, 1-5
6
Language
May 31, 2011
Go to Creator's Profile
Score Distribution
Quiz Creator Spotlight
GoddessofSecrets
Follow
Send a Message
Quizzes Created
-
Created Quiz Play Count
-
More By This Creator
Popular Quizzes Today
1
Find the US States - No Outlines Minefield
2
Find the US States
3
The Countries of the World
4
10 Largest US States in Order
5
Find the Countries of Europe - No Outlines Minefield
6
US States
7
Guess the 'R' Things in 3 Words
8
NBA Finals Game Top Scorers (2010s)
More Language Quizzes
10 Words, 20 Definitions XVI
Published
Trending Quizzes
First Name TV: Leading Men
Match the Book to the Film II
3-Word Movies in 1 Word II
First Name TV: Leading Women Drama
Match the Book to the Film VI
Recently Updated
Women's Final Four Teams by Year
bhenderson79
Presidents Quartet II
eogle
Anything But Clue(do)
eogle
Anything But Oceanian Capitals
eogle
Anything But 7
eogle
Anything But Thing
eogle
Word Ladder: February 29
pecheneg
Song Title Questions
pecheneg
Women's NCAA Tournament #1 Seeds
pecheneg
Celebrity Mug Shots
pecheneg
Trending Topics
Disney
Marvel
Harry Potter
Kpop
Crossword
Anime
NBA
Soccer
Country
NFL
WWE
The Office
Pokémon
Song
Puzzle
Your Account Isn't Verified!
In order to create a playlist on Sporcle, you need to verify the email address you used during registration. Go to your
Sporcle Settings
to finish the process.
Report this User
Report this user for behavior that violates our
Community Guidelines
.
Details:
Send Report
Go to the Sporcle.com Mobile Site →
Comments